Complete a Letra - Deixe Me Ir (1Kilo) - Statistics

Estatísticas Gerais
  • Esse quiz foi jogado 382 vezes
  • A pontuação média é 365 de 459
Estatísticas das Respostas
Letra % Correto
de
99%
a
97%
A
97%
é
96%
e
96%
É...
96%
me
96%
Se
96%
se
96%
ir
95%
Na
95%
O
95%
o
95%
que
94%
Que
94%
te
94%
eu
93%
Eu
93%
93%
pé,
93%
não
92%
Não
92%
92%
92%
for
91%
sua
91%
90%
da
90%
mão
90%
Minha
90%
minha
90%
no
90%
antes
89%
deixe-me
89%
Deixe-me
89%
Menina,
89%
Menina
89%
sei
89%
Sei
89%
Um
89%
um
89%
você
89%
bem
88%
Então
88%
então
88%
fora
88%
88%
nos
88%
por
88%
volta
88%
agir
87%
Mas
87%
mas
87%
Pense
87%
pra
87%
Pra
87%
quer
87%
sou
87%
Sou
87%
amor
86%
amor,
86%
confusão
86%
dia
86%
espero
86%
agora,
85%
85%
85%
mente
85%
nessas
85%
85%
85%
assim
84%
bebendo
84%
diz
84%
em
84%
encontro
84%
era
84%
mais
84%
nem
84%
perto
84%
Solta
84%
soubesse
84%
suas
84%
catando
83%
latinha
83%
meu
83%
olhos
83%
ser
83%
tempo
83%
vinha
83%
olhando
82%
voltas
82%
meus
81%
vida
81%
aprender
80%
champanhe
80%
direção
80%
fui
80%
seu
80%
sincero
80%
tive
80%
valor
80%
dar
79%
perder
79%
do
78%
levo,
78%
nossa
78%
código
77%
Desculpe
76%
entender
76%
erros
76%
gente
76%
Nunca
76%
vou
76%
fazer
75%
Mina,
75%
mostra
75%
briga
74%
paz,
74%
paz
74%
som
74%
bobeira
73%
cada
73%
com
73%
demais
73%
letra
73%
mundo
73%
público
73%
rap
73%
vai
73%
bandeira
72%
ex
72%
ficar
72%
ficar,
72%
lógicos
72%
sem
72%
Sem
72%
despedir,
71%
despedir
71%
ou
71%
pela
71%
peço
70%
psicografado,
70%
tu
70%
entenda
69%
Óbvio
69%
quero
69%
Quero
69%
universo,
69%
café
68%
contigo
68%
Ei
68%
manhã
68%
súbito
68%
chorar
67%
67%
vira
67%
acordar
66%
falar
66%
viver,
66%
caô
65%
curta
65%
difícil
65%
nenhum
65%
Porque
65%
porque
65%
quiser
65%
sabe
65%
tente
65%
falei
64%
outra
64%
vez
64%
ódio
63%
tão
63%
todo
63%
aonde
62%
certo
62%
Deus
62%
Dom
62%
errado,
62%
independente
62%
Juan
62%
mete
62%
mim
62%
muito
62%
preciso
62%
Seja
62%
Verso
62%
rancor
61%
chorava
60%
enquanto
60%
60%
mesmo
60%
sigo
60%
Sórdido
60%
tanto
60%
abalar
59%
amar
59%
clichê
59%
hora
59%
pira,
59%
encontrar,
58%
claro
57%
envolver
57%
Noites
57%
der
56%
ensinar
56%
Esse
56%
longa
56%
mala
56%
nada
56%
papo
56%
Tentando
56%
vem
56%
viagem
56%
Vivo
56%
arrepender
55%
comigo
55%
dói
55%
Nega,
55%
passou
55%
faça
54%
mandala
54%
pique
54%
quando
54%
existisse
53%
inventaria
53%
trata
53%
positiva
52%
sentir
52%
tentei,
52%
estar
51%
ter
51%
sumi
50%
vibe
50%
cai
49%
justificar
49%
brigar
40%
sólidos,
24%
sons
20%
Nenhum quiz correspondente encontrado
Distribuição das Pontuações
Porcentagem de Pessoas com Cada Pontuação
Percentil de Números Respondidos
Sua Pontuação Histórica
Você não jogou esse quiz